Taylor Swift - Paroles The Best Day - Statistiques

Statistiques générales
  • Ce quiz a été pris 16 fois
    12 depuis la dernière actualisation
  • Le résultat moyen est 318 sur 354
Statistiques - réponses
Hint Réponse % Correct
13
100%
5
100%
7
100%
a
100%
all
100%
am
100%
an
100%
And
100%
and
100%
anything
100%
at
100%
be
100%
best
100%
But
100%
come
100%
day
100%
don't
100%
Don't
100%
Even
100%
eyes
100%
far
100%
for
100%
From
100%
giving
100%
had
100%
have
100%
home
100%
house
100%
how
100%
I
100%
if
100%
Couplet 1 | Couplet 2 I'm
100%
in
100%
is
100%
It's
100%
it's
100%
I've
100%
know
100%
love
100%
me
100%
my
100%
My
100%
not
100%
now,
100%
now
100%
of
100%
old
100%
on
100%
On
100%
out
100%
side
100%
so
100%
So
100%
talk
100%
than
100%
the
100%
Couplet 3 There
100%
to
100%
today
100%
up
100%
was
100%
way
100%
we
100%
when
100%
who
100%
why
100%
with
100%
years
100%
you
100%
You
100%
your
100%
you're
100%
3
83%
asleep
83%
away
83%
back
83%
better
83%
brother
83%
coat
83%
cold
83%
could
83%
crying
83%
days
83%
drive
83%
excellent
83%
fall
83%
father
83%
feel
83%
friends
83%
getting
83%
God
83%
gonna
83%
got
83%
grew
83%
hear
83%
he's
83%
Inside
83%
laugh
83%
little
83%
mean
83%
okay
83%
or
83%
pretty
83%
run
83%
scared
83%
smiles
83%
Snow
83%
stronger
83%
talking
83%
That
83%
their
83%
this
83%
trees
83%
were
83%
White's
83%
wrong
83%
age
67%
big
67%
car
67%
change
67%
didn't
67%
dwarfs
67%
forgotten
67%
His
67%
hold
67%
keys
67%
kitchen
67%
knew
67%
lady
67%
legs
67%
look
67%
Look
67%
making
67%
names
67%
near
67%
pirate
67%
prettiest
67%
princesses
67%
ride
67%
say
67%
school
67%
set
67%
shine
67%
ships
67%
smiling
67%
space
67%
strength
67%
take
67%
town
67%
Until
67%
video
67%
world
67%
chance
50%
Daddy's
50%
enough
50%
found
50%
gold
50%
grab
50%
hug
50%
laughing
50%
long
50%
paint
50%
Past
50%
pumpkin
50%
shop
50%
sky
50%
smart
50%
Staying
50%
taking
50%
tight
50%
tractor
50%
watching
50%
whole
50%
window
50%
patch
33%
rides
33%
wide
33%
'Till
17%
Aucun quiz correspondant
Distribution des résultats
% des personnes avec chaque résultat
Percentile par nombre de réponses
Votre historique - résultats
Vous n’avez pas pris ce quiz depuis la dernière actualisation